Redefining Health Care : (Record no. 617913)

MARC details
000 -LEADER
fixed length control field 00516nam a2200193 a 4500
008 - FIXED-LENGTH DATA ELEMENTS--GENERAL INFORMATION
fixed length control field 260318s2006##################000#0#eng##
020 ## - INTERNATIONAL STANDARD BOOK NUMBER
ISBN 9781591397786
082 04 - DEWEY DECIMAL CLASSIFICATION NUMBER
Classification number 362.1068
Item number POR
100 1# - MAIN ENTRY--AUTHOR NAME
Personal name Porter, Michael E.,
245 10 - TITLE STATEMENT
Title Redefining Health Care :
260 ## - PUBLICATION, DISTRIBUTION, ETC. (IMPRINT)
Name of publisher Harvard Business Press,
Year of publication 2006.
300 ## - PHYSICAL DESCRIPTION
Number of Pages 540 pages
650 #0 - SUBJECT ADDED ENTRY--TOPICAL TERM
Topical Term Business & Economics.
942 ## - ADDED ENTRY ELEMENTS (KOHA)
Koha item type English Books
Holdings
Withdrawn status Lost status Damaged status Not for loan Home library Current library Shelving location Date acquired Full call number Accession Number Price effective from Koha item type
        Anna Centenary Library Anna Centenary Library 4TH FLOOR, A WING 18.03.2026 362.1068 POR 504218 18.03.2026 English Books

Find us on the map